00274 a2200133 4500001000700000020001800007040001100025100001800036240003100054245002600085300000700111362000900118440001300127183443 a85-262-5853-2 cMagnum aGuedes, Hardy10aA loja da dona raposalpor10aA loja da dona raposa a240 a2006 1aScipione